Catalog

Record Details

Catalog Search



Army camels : Texas ships of the desert / by Doris ... Read More

Fisher, Doris.(Author).
Buckner, Julie Duprâe,(illustrator.).

Available copies

  • 1 of 1 copy available at LARL/NWRL Consortium.

Current holds

0 current holds with 1 total copy.

Show Only Available Copies
Location Call Number / Copy Notes Barcode Shelving Location Status Due Date
Greenbush Public Library j 357 FIS (Text) 35500005233661 Main Available -

Record details

  • ISBN: 9781455618231 (hbk. : alk. paper)
  • Physical Description: pages cm.
  • Publisher: Gretna, Louisiana : Pelican Publishing Company, 2013

Content descriptions

Target Audience Note:
Grades K-3.
Subject: United States. Army. Camel Corps > History > Juvenile literature.
Camels > Texas > Juvenile literature.
LDR 01255cam a22003378i 4500
001155999
003LARL_NWRL_CONSORTIUM
00520130222145512.0
008130222s2013 lau j 000 0 eng
010 . ‡a2013007558
020 . ‡a9781455618231 (hbk. : alk. paper)
020 . ‡z9781455618248 (e-book)
040 . ‡aDLC ‡beng ‡cDLC ‡erda
042 . ‡apcc
043 . ‡an-us--- ‡an-us-tx
049 . ‡aNRG
05000. ‡aUC350 ‡b.F68 2013
08200. ‡a357 ‡223
1001 . ‡aFisher, Doris.
24510. ‡aArmy camels : ‡bTexas ships of the desert / ‡cby Doris Fisher ; illustrated by Julie Duprâe Buckner.
260 . ‡aGretna, Louisiana : ‡bPelican Publishing Company, ‡c2013
300 . ‡apages cm.
336 . ‡atext ‡2rdacontent
337 . ‡aunmediated ‡2rdamedia
338 . ‡avolume ‡2rdacarrier
5210 . ‡aGrades K-3.
61010. ‡aUnited States. ‡bArmy. ‡bCamel Corps ‡xHistory ‡vJuvenile literature.
650 0. ‡aCamels ‡zTexas ‡vJuvenile literature.
7001 . ‡aBuckner, Julie Duprâe, ‡eillustrator.
901 . ‡a155999 ‡bISxN ‡c155999 ‡tbiblio

Additional Resources